Aperçu de la structure géologique des Pyrénées / (Record no. 158732)
[ view plain ]
| 000 -LEADER | |
|---|---|
| campo de control de longitud fija | 00871nam a22002055i 4500 |
| 001 - NÚMERO DE CONTROL | |
| campo de control | 158732 |
| 003 - IDENTIFICADOR DE NÚMERO DE CONTROL | |
| campo de control | ES-MaACL |
| 005 - FECHA Y HORA DE LA ÚLTIMA TRANSACCIÓN | |
| campo de control | 20250929063228.0 |
| 008 - DATOS DE LONGITUD FIJA--INFORMACIÓN GENERAL | |
| campo de control de longitud fija | 040903s1892 fr a |||| | fre d |
| 040 ## - FUENTE DE CATALOGACIÓN | |
| Centro catalogador/agencia de origen | CAM |
| Lengua de catalogación | spa |
| Centro/agencia transcriptor | CAM |
| 100 1# - ENTRADA PRINCIPAL--NOMBRE DE PERSONA | |
| Nombre de persona | Margerie, Emmanuel de, |
| Fechas asociadas al nombre | 1862-1953 |
| 9 (RLIN) | 129487 |
| 245 10 - MENCIÓN DEL TÍTULO | |
| Título | Aperçu de la structure géologique des Pyrénées / |
| Mención de responsabilidad, etc. | Emm. de Margerie et Fr. Schrader. |
| 260 ## - PUBLICACIÓN, DISTRIBUCIÓN, ETC. | |
| Lugar de publicación, distribución, etc. | Paris : |
| Nombre del editor, distribuidor, etc. | [s.n.], |
| Fecha de publicación, distribución, etc. | 1892 ( |
| Fabricante | Typographie Chamerot et Renouard) |
| 300 ## - DESCRIPCIÓN FÍSICA | |
| Extensión | 65 p., [2] h. de lám. pleg. ; |
| Dimensiones | 23 cm. |
| 500 ## - NOTA GENERAL | |
| Nota general | Extrait de l'Annuaire du Club Alpin Français, 18e volume, 1891. |
| 650 #4 - PUNTO DE ACCESO ADICIONAL DE MATERIA--TÉRMINO DE MATERIA | |
| Término de materia o nombre geográfico como elemento de entrada | Geología- |
| Subdivisión geográfica | Pirineos. |
| 9 (RLIN) | 154256 |
| 700 1# - ENTRADA AGREGADA--NOMBRE PERSONAL | |
| Nombre de persona | Schrader, Franz ( |
| Fechas asociadas al nombre | 1844-1924) |
| 9 (RLIN) | 154257 |
| 852 ## - LOCALIZACIÓN | |
| Ubicación | ES-MaACL |
| Número de control de estantería | T-907-F-2 |
| Nota libre | -- Enc. hol. conservando la cub. original |
| -- | -- Enc. en un vol. facticio |
| -- | .- Legado Botella y de Hornos |
| Estatus retirado | Estado de pérdida | Estado de daño | No para préstamo | Colección | Biblioteca de origen | Biblioteca actual | Ubicación en estantería | Fecha de adquisición | Total de préstamos | Signatura topográfica completa | Código de barras | Visto por última vez | Precio de reemplazo | Tipo de ítem Koha |
|---|---|---|---|---|---|---|---|---|---|---|---|---|---|---|
| Colección de folletos | Biblioteca del Ateneo de Madrid | Biblioteca del Ateneo de Madrid | Depósito folletos | 17/01/2008 | T-907-F-2 | 1166141 | 23/02/2023 | 23/02/2023 | Folleto |
